000 00571nam a2200229Ia 4500
003 OSt
005 20221005131012.0
006 a|||||r|||| 00| 0
007 ta
008 221004b |||||||| |||| 00| 0 eng d
024 _a48081
037 _cTextual
040 _aCRL
_cCRL
_beng
041 _2eng
_aeng
082 _aT2:3:A, J6
100 _aMerrill Helen Lawrence
_9638993
245 0 _aScince teacher in action
260 _c1956
650 _aEDUCATION
942 _hT2:3:A, J6
_cTEXL
_2cc
999 _c1059066
_d1059066